| 000 | 01440nam a22002297a 4500 | ||
|---|---|---|---|
| 999 |
_c1502 _d1502 |
||
| 003 | AR-CdUCM | ||
| 008 | 190227b ||||| |||| 00| 0 spa d | ||
| 040 |
_aMUNICIPALIDAD PROVINCIAL DEL CUSCO _cBIBLIOTECA MUNICIPAL DEL CUSCO |
||
| 041 | _hchi | ||
| 082 |
_a329.9 / _bP75 |
||
| 110 |
_aComite Central del Partido Comunista de China _95692 |
||
| 245 |
_aPolemica acerca de la Linea general del Movimiento Comunista Internacional / _cComite Central del Partido Comunista de China |
||
| 260 |
_aPekin - China: _bEdiciones en Lenguas Extranjeras , _c1965. |
||
| 300 |
_a547 paginas : _c21 cm. |
||
| 505 | _aProposicion Acerca de la linea general del movimiento Comunista Internacional -- El orgien y el desarrollo de las divergencias entre la direccion del PCUS y nosotros -- ReseƱas de opiniones sobre el problema de la transicion pacifica -- Declaracion de la delegacion del partido comunista de china -- Las cinco propocisiones hechas por el CC del PCCH en su Propuesta -- Apologistas del Neo Colonialismo -- Dos lineas diferentes en el problema de la guerra y la paz -- Dos politicas de coexistencia pacifica diametralmente opuestas -- La revolucion proletaria y el revisionismo de JRUSCHOV... | ||
| 650 |
_aComunismo. _9495 |
||
| 650 |
_aRepublica Popular de China. _95693 |
||
| 650 |
_aPartidos Comunistas. _95694 |
||
| 710 |
_aCOMITE CENTRAL DEL PARTIDO COMUNISTA DE CHINA _95695 |
||
| 942 |
_2ddc _cLIBROS |
||
| 945 |
_artm _d2019-02-27 |
||